Snow White - Portrayals by Picture - Statistics

General Stats
  • This quiz has been taken 7 times
  • The average score is 4 of 35
Answer Stats
Picture Answer % Correct
Kristen Stewart
71%
Sigourney Weaver
71%
Adriana Caselotti
57%
Rachel Zegler
57%
Lily Collins
43%
Ginnifer Goodwin
29%
Amanda Bynes
14%
Diana Rigg
14%
Avril Lavigne
0%
Camryn Manheim
0%
Carol Heiss
0%
Chloë Grace Mortez
0%
Cosma Shiva Hagen / Lindsay Goodtimes
0%
Diane Pershing
0%
Doris Weikow
0%
Edie Mirman
0%
Eliza Bennett
0%
Elizabeth McGovern
0%
Elke Arendt
0%
Gemma Chan
0%
Helen Niedwick
0%
Irene Cara
0%
Kristin Kreuk
0%
Laura Berlin
0%
Macarena García
0%
Mae Questel
0%
Marguerite Clark
0%
Natalie Minko
0%
Peggi Loder
0%
Sakiko Tamagawa / Julie Maddalena
0%
Sally Ann Marsh / Jackie Sheridan
0%
Shanley Caswell
0%
Venus Terzo
0%
Vivian Dandridge
0%
Zeynep Değirmencioğlu
0%
No matching quizzes found
Score Distribution
Percent of People with Each Score
Percentile by Number Answered
Your Score History
You have not taken this quiz